000
00306nam a2200121Ia 4500
008
220120s9999||||xx |||||||||||||| ||und||
082
_a
823 BAR
100
_a
Barry, Sebastian
_9
11979
245
4
_a
The secret scripture
260
_a
Faber and faber
_c
2009
300
_b
0
650
_a
HEAT AND MASS TRANSFOR
999
_c
137530
_d
137530